<?xml version="1.0" encoding="UTF-8"?>
<record
    xmlns:xsi="http://www.w3.org/2001/XMLSchema-instance"
    xsi:schemaLocation="http://www.loc.gov/MARC21/slim http://www.loc.gov/standards/marcxml/schema/MARC21slim.xsd"
    xmlns="http://www.loc.gov/MARC21/slim">

  <leader>01635nam a22002177a 4500</leader>
  <controlfield tag="003">IT-MiCISF</controlfield>
  <controlfield tag="005">20230418113201.0</controlfield>
  <controlfield tag="008">230418b        |||||||| |||| 00| 0 eng d</controlfield>
  <datafield tag="040" ind1=" " ind2=" ">
    <subfield code="c">IT-MiCISF</subfield>
  </datafield>
  <datafield tag="041" ind1=" " ind2=" ">
    <subfield code="a">it</subfield>
  </datafield>
  <datafield tag="100" ind1=" " ind2=" ">
    <subfield code="a">Papa Francesco</subfield>
    <subfield code="9">59911</subfield>
  </datafield>
  <datafield tag="245" ind1=" " ind2=" ">
    <subfield code="a">Famiglia.</subfield>
    <subfield code="b">Amoris Laetitia fatta carne</subfield>
  </datafield>
  <datafield tag="260" ind1=" " ind2=" ">
    <subfield code="a">Milano, </subfield>
    <subfield code="b">Paoline, </subfield>
    <subfield code="c">2022</subfield>
  </datafield>
  <datafield tag="300" ind1=" " ind2=" ">
    <subfield code="a">pp. 113</subfield>
  </datafield>
  <datafield tag="500" ind1=" " ind2=" ">
    <subfield code="a">pastorale-familiare, ,famiglia, magistero</subfield>
  </datafield>
  <datafield tag="520" ind1=" " ind2=" ">
    <subfield code="a">Il volume propone il grande tema dell'amore nel matrimonio, come sviluppato nel Quarto Capitolo di Amoris laetitia, ritenuto da papa Francesco il cuore dell'Esortazione apostolica. Un trattato a s&#xE9; in cui il Papa si mette dalla parte dei fidanzati, degli sposi, della coppia, dei membri di una famiglia e dialoga con loro, con empatia e verit&#xE0;, su ci&#xF2; che pu&#xF2; tener sempre vivo l'amore nella coppia e nella famiglia, ma anche su ci&#xF2; che pu&#xF2; uccidere questo amore. Francesco, da "innamorato" della famiglia, ne celebra la bellezza a tutto campo. Nello stesso tempo attribuisce al sacramento del matrimonio di un uomo e di una donna la forza simbolica di essere icona dell'amore di Dio per noi; incoraggia, quindi, la coppia ad alimentare l'interrelazione d'amore e di mutuo aiuto, ogni giorno, con parole, gesti e comportamenti semplici, rispettosi e concreti. Il volume &#xE8; arricchito dal commento di Gigi De Palo e Anna Chiara Gambini, marito e moglie, dediti alla formazione e animazione delle famiglie.
Leggi di meno</subfield>
  </datafield>
  <datafield tag="650" ind1=" " ind2=" ">
    <subfield code="a">Pastorale-familiare</subfield>
    <subfield code="9">59912</subfield>
  </datafield>
  <datafield tag="654" ind1=" " ind2=" ">
    <subfield code="a">antologia</subfield>
  </datafield>
  <datafield tag="700" ind1=" " ind2=" ">
    <subfield code="a">con il commento di De Palo Gigi e Gambini Anna Chiara</subfield>
    <subfield code="9">59913</subfield>
  </datafield>
  <datafield tag="942" ind1=" " ind2=" ">
    <subfield code="2">ddc</subfield>
    <subfield code="c">BK</subfield>
  </datafield>
  <datafield tag="999" ind1=" " ind2=" ">
    <subfield code="c">359676</subfield>
    <subfield code="d">359676</subfield>
  </datafield>
  <datafield tag="952" ind1=" " ind2=" ">
    <subfield code="0">0</subfield>
    <subfield code="1">0</subfield>
    <subfield code="2">ddc</subfield>
    <subfield code="4">0</subfield>
    <subfield code="6">A_2401_000000000000000</subfield>
    <subfield code="7">1</subfield>
    <subfield code="a">CISF</subfield>
    <subfield code="b">CISF</subfield>
    <subfield code="d">2023-04-18</subfield>
    <subfield code="l">0</subfield>
    <subfield code="o">A2401</subfield>
    <subfield code="p">9788831554909</subfield>
    <subfield code="r">2023-04-18 00:00:00</subfield>
    <subfield code="w">2023-04-18</subfield>
    <subfield code="y">BK</subfield>
  </datafield>
</record>
